[Event "RUS Cup Final Men 2017"]
[Site "Khanty-Mansiysk"]
[Date "2017.12.08"]
[Round "2.4"]
[White "Alekseenko, Kirill"]
[Black "Kokarev, Dmitry"]
[Result "1/2-1/2"]
[WhiteElo "2590"]
[BlackElo "2615"]
[Annotator "TA"]
[PlyCount "95"]
[EventDate "2017.??.??"]
[EventType "k.o."]
[EventCountry "RUS"]
[SourceTitle "playchess.com"]
[Source "ChessBase"]
[SourceQuality "1"]

{[%evp 16,95,14,15,25,11,31,27,14,10,22,12,18,15,15,15,53,0,0,0,0,-11,0,0,10,0,0,0,20,24,42,38,89,79,66,74,119,118,118,0,22,12,11,14,0,0,0,-10,-10,-19,-22,-20,0,-50,-29,-57,-56,-51,-27,-60,-14,-57,-11,-40,-50,-56,-62,-45,-19,-18,-23,-53,-68,-106,-111,-152,-156,-147,0,-10,-10,-28]} 1. e4 c5 2. Nf3 d6 3. d4 cxd4 4. Nxd4 Nf6 5. Nc3 a6 6. Be2 e5 7. Nb3 Be7 8. O-O O-O 9. Re1 Be6 {B92: Sicilian Najdorf: 6 Be2} 10. Bf3 Nbd7 (10... Qc7 11. Be3 Nbd7 12. a4 Rfc8 13. h3 h6 14. Nc1 Bd8 15. N1e2 Qb8 16. Ng3 Ba5 17. Bd2 {½-½ (35) Sasikiran,K (2677)-Giri,A (2762) Antalya 2017}) 11. a4 Qb8 {White has an edge.} 12. Be3 Bd8 13. Qd2 Bb6 14. Rad1 Bxe3 15. Rxe3 Nb6 {[#] And now ...Nc4 would win.} 16. Na5 $146 (16. Qxd6 $2 Qxd6 17. Rxd6 Nc4 $17) (16. Be2 $1 $14) ({Predecessor:} 16. Be2 d5 {1-0 (39) Vaibhav,S (2561)-Vucinic,G (2358) Porto Carras 2015}) 16... Rd8 $11 17. Rd3 {[%cal Rd3d6]} Ne8 18. h3 Qc7 19. Bg4 Nd7 20. Nd5 (20. Nb3 {is more complex.} Nb6 21. Rg3 Kh8 22. Qc1 Nf6 23. Be2) 20... Bxd5 $1 21. exd5 ({Much weaker is} 21. Rxd5 Nc5 $17) 21... Nc5 22. Ra3 g6 23. Bf3 Ng7 (23... Nd7 $14) 24. b4 $16 Nd7 25. c4 {[%cal Bc2c4,Bc4c5][%mdl 32]} Nf5 {[#]} 26. c5 $1 {[%mdl 512]} Nf6 (26... dxc5 27. d6) 27. Rc3 ({White should try} 27. c6 $16) 27... dxc5 $11 28. Rxc5 Qe7 {Threatening ...e4.} 29. Nc4 {aiming for d6.} Nd6 30. Qc2 (30. Nb6 {with more complications.} Rab8 31. Qc1 Re8 32. Rc7 Qd8 33. a5) 30... Nxc4 31. Qxc4 Ne8 32. Qc3 Nd6 33. Rc7 Qe8 34. Qc2 Rac8 (34... e4 {keeps more tension.} 35. Be2 e3 36. f4 Rdc8 37. Rc5 Qe7) 35. Re1 Rxc7 36. Qxc7 Rd7 37. Qb6 h5 38. a5 Kg7 39. Bd1 Qe7 $36 {[%mdl 2048] Black fights for an advantage.} 40. Qe3 Rc7 41. Bb3 Nf5 (41... e4 {feels hotter.} 42. Rc1 Rxc1+ 43. Qxc1 Qf6 44. Qc5 Qa1+) 42. Qxe5+ Qxe5 43. Rxe5 {KRB-KRN} Rc3 44. Ba4 Rc4 45. Re8 Rxb4 46. Bc2 {[#]} Rd4 ({Better is} 46... Nd6 $1 $17 {[%cal Rd6e8]} 47. Rd8 Nc4) 47. Bxf5 gxf5 48. Rd8 {Precision: White = 37%, Black = 55%.} 1/2-1/2

[Event "RUS Cup Final Men 2017"]
[Site "Khanty-Mansiysk"]
[Date "2017.12.08"]
[Round "2.5"]
[White "Alekseenko, Kirill"]
[Black "Kokarev, Dmitry"]
[Result "0-1"]
[WhiteElo "2590"]
[BlackElo "2615"]
[Annotator "TA"]
[PlyCount "126"]
[EventDate "2017.??.??"]
[EventType "k.o."]
[EventCountry "RUS"]
[SourceTitle "playchess.com"]
[Source "ChessBase"]
[SourceQuality "1"]

{[%evp 19,126,0,-8,-10,8,10,15,17,36,36,40,22,18,26,27,25,30,13,14,-4,-12,-7,-4,-16,0,0,0,0,0,-11,-11,-7,-2,-15,-15,-31,-15,-25,-15,-78,-14,-14,-14,-14,0,0,0,-14,0,-59,-50,-50,-50,-71,-68,-276,-258,-317,-305,-445,-228,-263,-198,-293,-302,-713,-622,-625,-436,-501,-481,-905,-612,-520,-328,-327,-281,-638,-640,-620,-632,-827,-579,-625,-607,-602,-560,-604,-579,-1119,-826,-576,-558,-523,-496,-456,-388,-1272,-582,-461,-379,-747,-719,-706,-710,-3214,-2404,-29988,-29989]} 1. d4 Nf6 2. Bf4 g6 3. Nc3 d5 4. e3 Bg7 5. Nb5 (5. Nf3 O-O 6. Be2 c5 7. O-O cxd4 8. exd4 Bg4 9. h3 Bxf3 10. Bxf3 Nc6 11. Ne2 b5 12. c3 e6 13. a3 a5 14. Nc1 b4 15. a4 Ne4 16. Bxe4 dxe4 {½-½ (85) Carlsen,M (2837)-Ding,L (2774) Saint Louis 2017}) 5... Na6 6. h3 {A45: Damenbauernspiele (Trompowski-Angriff)} c6 7. Nc3 Nc7 8. Nf3 O-O 9. Be2 Nce8 10. O-O Nd6 {LiveBook: 3 Partien} 11. Rc1 $146 ({Vorgänger:} 11. Be5) 11... a5 12. a4 Be6 13. Re1 Nfe4 14. Nxe4 Nxe4 15. Nd2 Nxd2 16. Qxd2 Re8 17. b3 Bf5 18. Bd3 Bxd3 19. cxd3 Qb6 20. Rb1 Qb4 21. Qc2 e5 22. dxe5 Bxe5 23. Bxe5 Rxe5 24. d4 Re4 25. f3 Re7 26. Kf2 Rae8 27. h4 h5 28. Rbd1 Qd6 29. Qc3 {[#]} (29. g3 $11) 29... Qc7 (29... Qf6 $1 $17 30. g3 g5 31. hxg5 Qxg5) 30. g3 $11 Re6 31. Re2 Qb6 32. Rde1 Rd8 33. Rg1 Rde8 34. g4 (34. Rge1 $11) 34... Qd8 35. g5 Qc7 36. Ke1 b6 37. Kd2 $2 (37. Kf1 $15) 37... c5 38. f4 Re4 39. Rc1 (39. Rge1 $142) 39... Rc8 (39... Qb8 $142 {...cxd4 ist eine echte Drohung.} 40. Kd3 cxd4) 40. Qd3 Qc6 41. Ke1 (41. Qa6 $142) 41... Qe6 $19 42. Kf2 $2 (42. dxc5 bxc5 43. Rcc2) 42... Qh3 43. dxc5 Qxh4+ 44. Kg2 Qg4+ 45. Kf1 (45. Kh2 $142 d4 46. c6) 45... Qh3+ 46. Ke1 Rce8 {[%cal Re4e3]} 47. Kd2 {[#]} d4 $1 {[%cal Re4e3,Bd5d4,Bd4e3][%mdl 544]} 48. cxb6 $2 (48. c6) (48. exd4 Rxe2+) 48... Rxe3 49. Rxe3 dxe3+ {[%mdl 4096] Endspiel KDT-KDT} ({Schwächer ist} 49... Rxe3 50. Qxd4 Re8 51. Rc7 $11) 50. Kc2 Qe6 51. b7 Qc6+ 52. Kb2 Qxb7 53. f5 Qg2+ 54. Rc2 Qxg5 {Und ...Df6+ würde nun gewinnen.} 55. fxg6 Qxg6 56. Qb5 Qf6+ 57. Ka2 Qe5 58. Rg2+ $2 (58. Rc5 Qe4 59. Rg5+ Kf8 60. Qb6) 58... Kh8 (58... Kf8 $142 59. Qxe5 Rxe5) 59. Qc6 {[%cal Rc6h6]} Kh7 60. Qc2+ $2 (60. Qd7 Rf8 61. Re2) 60... Qe4 {Droht ...Dxc2+ und aus.} 61. Qe2 Re5 ({Und nicht} 61... Qxg2 62. Qxg2 e2 63. Qf3 $11) 62. Rg1 Rf5 63. Rg2 {[#]} Qxg2 $1 {[%mdl 512] Precision: Weiß = 25%, Schwarz = 55%.} 0-1

[Event "RUS Cup Final Men 2017"]
[Site "Khanty-Mansiysk"]
[Date "2017.12.09"]
[Round "3.1"]
[White "Gordievsky, Dmitry"]
[Black "Kokarev, Dmitry"]
[Result "1/2-1/2"]
[WhiteElo "2610"]
[BlackElo "2615"]
[Annotator "TA"]
[PlyCount "80"]
[EventDate "2017.??.??"]
[EventType "k.o."]
[EventCountry "RUS"]
[SourceTitle "playchess.com"]
[Source "ChessBase"]
[SourceQuality "1"]

{[%evp 17,80,53,53,55,64,60,54,64,90,79,93,80,92,95,91,81,93,61,56,50,110,45,89,83,86,93,108,110,130,73,123,66,78,50,49,40,59,63,63,20,30,23,37,0,0,0,0,0,36,34,41,9,35,0,0,0,12,0,0,0,20,0,0,0,19]} 1. Nf3 Nf6 2. c4 g6 3. Nc3 Bg7 4. e4 O-O 5. d4 {[%cal Bd2d4,Bd4d5][%mdl 32]} d6 6. Be2 e5 7. O-O c6 8. Qc2 Qe7 {E94: King's Indian: Classical: 6 Be2 e5 7 0-0: Various Black 7th moves} 9. Rd1 Bg4 {LiveBook: 4 Games} 10. d5 Na6 $146 {White is slightly better.} ({Predecessor:} 10... cxd5 11. cxd5 Rc8 12. Be3 Na6 13. h3 Bd7 14. Nd2 Nc5 15. a4 Ne8 16. Nc4 {0-1 (43) Matamoros Franco,C (2415)-Damljanovic,B (2585) Aviles 1992}) 11. Bg5 h6 12. Be3 c5 13. a3 Bd7 14. Bd2 Nh7 15. Qc1 h5 16. g3 Bh3 17. Nh4 Bf6 18. Ng2 h4 (18... Bg5 $14) 19. Bh6 (19. Nxh4 $16 Bxh4 20. gxh4) 19... Rfe8 20. Rd3 {[%cal Bd1d3,Bd3g3,Bg3g2][%mdl 32]} hxg3 21. Rxg3 Bxg2 22. Rxg2 Kh8 23. Nd1 ({Better is} 23. Qe3) 23... Rg8 24. Bd2 ({White should play} 24. Qc3 $16) 24... Bh4 $14 25. b4 f5 26. Qc3 Bg5 27. Be1 Raf8 28. Rb1 Bf4 29. Qh3 Rg7 30. Kh1 Kg8 31. exf5 Ng5 32. f6 Qxf6 (32... Nxh3 $2 {too greedy.} 33. fxe7 Rxe7 34. Rxg6+ Rg7 35. Rxg7+ Kxg7 36. Kg2 $18) 33. Qg4 Qf5 34. Qxf5 gxf5 35. f3 Rf6 {The position is equal.} 36. h4 Rh6 $1 37. Kg1 Nh3+ 38. Kh1 Ng5 39. Kg1 Nh3+ 40. Kh1 Ng5 $1 {Precision: White = 38%, Black = 67%.} 1/2-1/2

[Event "RUS Cup Final Men 2017"]
[Site "Khanty-Mansiysk"]
[Date "2017.12.09"]
[Round "3.1"]
[White "Shaposhnikov, Evgeny"]
[Black "Jakovenko, Dmitry"]
[Result "0-1"]
[WhiteElo "2563"]
[BlackElo "2730"]
[Annotator "TA"]
[PlyCount "108"]
[EventDate "2017.??.??"]
[EventType "k.o."]
[EventCountry "RUS"]
[SourceTitle "playchess.com"]
[Source "ChessBase"]
[SourceQuality "1"]

{[%evp 28,108,-2,-11,0,-23,-29,-24,-16,-21,-17,-20,-13,-38,-29,-75,-42,-43,-43,-44,-43,-45,-37,-43,-32,-88,-93,-82,-93,-81,-77,-81,-68,-79,-76,-79,-85,-110,-88,-100,-103,-114,-104,-108,-87,-110,-99,-141,-128,-157,-135,-183,-154,-221,-238,-238,-234,-293,-299,-296,-296,-292,-293,-394,-416,-413,-408,-566,-513,-621,-621,-621,-621,-621,-621,-753,-621,-614,-612,-606,-606,-587,-576]} 1. Nf3 d5 2. d4 Nf6 3. c4 e6 4. e3 Be7 5. b3 O-O 6. Bb2 c5 7. Bd3 cxd4 8. exd4 Nc6 9. O-O b6 10. Nbd2 Bb7 11. Rc1 Rc8 12. Qe2 Re8 13. Rfd1 Bf8 14. h3 g6 {E14: Damenindisch (Zentralsystem)} 15. Qe3 {[#] LiveBook: 24 Partien} Qe7 $146 ({Vorgänger:} 15... Bg7 16. Bb1 Qe7 17. Ne5 dxc4 18. Nxc6 Bxc6 19. bxc4 Qb7 20. f3 Rcd8 21. Ne4 Qb8 22. Re1 {1-0 (44) Karpov,A (2651)-Gelfand,B (2720) Moscow 2008}) 16. Ne5 dxc4 {Schwarz hat minimalen Vorteil.} 17. Nxc6 Bxc6 18. bxc4 Bg7 19. Bf1 Qb7 20. Qb3 Red8 21. Nb1 Rc7 22. d5 exd5 23. Bxf6 Bxf6 24. cxd5 Be8 25. Rxc7 Qxc7 26. Na3 ({Lieber} 26. Nd2 $15) 26... Qc5 $17 27. Nc2 b5 28. Qf3 Kg7 29. Ne3 h5 30. Qf4 Qd6 31. Qxd6 Rxd6 32. Rc1 Bd7 33. Rc7 Bd4 34. Be2 Bb6 35. Rb7 Kf6 36. Bf3 Ke5 37. a4 f5 38. axb5 Bxb5 39. Nc2 a5 {[%cal Ba7a5,Ba5a4][%mdl 32]} 40. Re7+ {[#]} (40. Rb8 $17) 40... Kf6 $1 $19 {[%cal Rf6e7]} 41. Re1 {[#]} Bc5 $1 42. Ra1 a4 43. Na3 Bd3 44. Bd1 Ra6 ({Finger weg von} 44... Rxd5 45. Bxa4 Rd8 46. Nb5 $19) 45. Bc2 Bxc2 46. Nxc2 {[%mdl 4096] Endspiel KTL-KTS} Ke5 47. g4 Kxd5 {Schwarz steht klar auf Gewinn.} 48. gxf5 gxf5 49. Kg2 a3 50. Ra2 Kc4 51. Na1 Bd4 52. Nc2 Bb2 53. Nxa3+ Bxa3 54. Kf3 Kd5 {Precision: Weiß = 43%, Schwarz = 83%.} 0-1

[Event "RUS Cup Final Men 2017"]
[Site "Khanty-Mansiysk"]
[Date "2017.12.10"]
[Round "4"]
[White "Jakovenko, Dmitry"]
[Black "Shaposhnikov, Evgeny"]
[Result "1-0"]
[WhiteElo "2730"]
[BlackElo "2563"]
[Annotator "TA"]
[PlyCount "95"]
[EventDate "2017.??.??"]
[EventType "k.o."]
[EventCountry "RUS"]
[SourceTitle "playchess.com"]
[Source "ChessBase"]
[SourceQuality "1"]

{[%evp 18,95,20,20,45,22,23,17,97,98,107,95,85,72,72,72,72,72,72,72,67,67,84,67,75,66,65,67,68,50,57,51,39,41,47,47,39,42,41,73,59,75,85,0,43,0,81,69,525,514,548,473,498,452,549,593,596,545,591,589,568,466,528,597,520,579,638,599,630,631,618,602,627,622,4786,4778,4743,4718,4702,4702]} 1. d4 Nf6 2. c4 e6 3. Nf3 b6 4. g3 Bb4+ 5. Bd2 Bxd2+ 6. Qxd2 Ba6 7. b3 O-O 8. Nc3 d5 9. cxd5 exd5 10. Bg2 c5 {E15: Queen's Indian: 4 g3 sidelines, 4 g3 Ba6 and 4 g3 Bb7 early deviations} 11. Ne5 Re8 12. O-O Nbd7 $146 (12... Bb7 $11 {keeps the balance.}) ({Predecessor:} 12... Bb7 13. Rfd1 Na6 14. Qf4 Nc7 15. Ng4 Nxg4 16. Qxg4 Qf6 17. e3 Rad8 18. Rac1 Qe7 19. dxc5 bxc5 {1-0 (53) Leko,P (2749)-Carlsen,M (2690) Morelia/Linares 2007}) 13. Nxd5 $16 {Nc6 is the strong threat.} Nxe5 14. dxe5 Rxe5 15. Nxf6+ gxf6 16. Qf4 Rb8 17. Rfd1 Qe7 18. e3 Bc8 19. Rd2 Kg7 20. Rad1 Be6 21. Qh4 b5 22. Bh3 Rb6 23. Rd8 Ra6 24. Bxe6 Qxe6 25. R1d2 Rc6 26. Ra8 $40 {[%mdl 128] White has some attack.} Rd6 $1 {[%cal Rd6d2]} 27. Rxd6 Qxd6 $14 {[%mdl 4096] Endgame KQR-KQR} 28. Qg4+ Rg5 29. Qe4 Re5 30. Qg4+ Rg5 31. Qe4 Re5 $1 {[%cal Re5e4]} 32. Qb7 $1 Rxe3 $2 {[%mdl 8192]} (32... Qd1+ $14 33. Kg2 Rxe3) 33. fxe3 $18 {White is clearly winning.} Qd1+ 34. Kf2 $1 Qd2+ 35. Kf3 Qd1+ 36. Kf4 $1 h5 {[%csl Gh5][%cal Rd1g4] [#]} 37. h3 $1 ({Inferior is} 37. Qc8 Qf1+ 38. Ke4 Qh1+ 39. Kf4 (39. Kd3 Qd1+ 40. Kc3 Qc1+ 41. Kd3 Qd1+ 42. Ke4 Qh1+ 43. Kf4 Qf1+ 44. Ke4 Qh1+ $11) 39... Qf1+ 40. Ke4 Qh1+ 41. Kf4 (41. Kd3 Qd1+ 42. Kc3 Qc1+ 43. Kd3 Qd1+ 44. Ke4 Qh1+ $11) 41... Qf1+ $11) 37... Qd6+ 38. Kf3 Qd1+ 39. Kg2 Qc2+ 40. Kg1 Qb1+ {[#]} 41. Kh2 $1 Qxa2+ 42. Qg2 Qxb3 43. Rxa7 Qxe3 {and the idea ...b4 leaves Black hopeful.} 44. Ra2 c4 45. Qd5 Qb6 46. Qxh5 c3 47. Qg4+ Kh7 48. Qb4 {Precision: White = 78%, Black = 63%.} 1-0

[Event "RUS Cup Final Men 2017"]
[Site "Khanty-Mansiysk"]
[Date "2017.12.10"]
[Round "4"]
[White "Kokarev, Dmitry"]
[Black "Gordievsky, Dmitry"]
[Result "1-0"]
[WhiteElo "2615"]
[BlackElo "2610"]
[Annotator "TA"]
[PlyCount "143"]
[EventDate "2017.??.??"]
[EventType "k.o."]
[EventCountry "RUS"]
[SourceTitle "playchess.com"]
[Source "ChessBase"]
[SourceQuality "1"]

{[%evp 9,143,40,69,47,36,41,51,44,45,25,37,31,97,93,81,91,100,91,175,171,182,172,178,174,187,187,182,190,244,254,247,249,264,235,226,182,175,171,170,183,182,172,193,181,231,160,161,152,154,160,156,158,164,139,167,138,137,137,139,134,127,123,152,132,151,142,151,151,151,151,151,150,151,151,151,150,150,137,137,137,158,151,151,151,151,151,151,151,158,158,322,313,402,422,482,482,482,482,482,482,482,482,482,482,482,482,29971,29973,29974,29971,29970,29969,29970,29968,29969,29970,29968,29971,29969,29971,29973,29974,29978,29979,29979,29980,29980,29981,29981,29982,29982,29983,29983,29984,29984,29985]} 1. e4 c5 2. Nf3 a6 3. c3 d5 4. exd5 Qxd5 5. d4 Bg4 6. dxc5 {B28: Sicilian: 2 Nf3 a6 (O'Kelly Variation)} (6. Be2 e6 7. h3 Bh5 8. Be3 Nd7 9. c4 Qd6 10. Nc3 Ngf6 11. O-O cxd4 12. Nxd4 Bxe2 13. Qxe2 Be7 {½-½ (34) Bok,B (2596)-Artemiev,V (2655) Moscow 2017}) 6... Qxc5 7. h3 Bh5 8. g4 $146 {White is slightly better.} ({Predecessor:} 8. Be3 Qc7 9. Nbd2 Nd7 10. Qa4 Rd8 11. g4 Bg6 12. h4 h6 13. h5 Bh7 {1-0 (40) Bascetta,B (1989)-Hess,J (1694) IECC email 2009}) 8... Bg6 9. Bg2 Nd7 10. O-O {[%cal Bh1f1,Bf1d1,Bd1d7][%mdl 32]} h5 ({Better is} 10... Qc7 $14) 11. g5 $16 h4 12. Qa4 e5 13. Rd1 $40 {[%csl Gd1][%cal Ra4d7][%mdl 128] White has strong attack.} Qc6 (13... O-O-O $16) 14. Qxc6 $18 bxc6 {[#]} 15. Rxd7 $1 {[%mdl 512]} Kxd7 16. Nxe5+ Kc7 {[#]} 17. Bf4 $1 ({Don't take} 17. Bxc6 $6 Rd8 $14) (17. Nxc6 $6 Bd6 $16) 17... Bd6 18. Na3 {Nac4 is the strong threat.} Ne7 (18... Re8 {was worth a try.} 19. Nac4 Rxe5) 19. Nac4 Bxe5 20. Bxe5+ ({Less strong is} 20. Nxe5 Kb7 $14) 20... Kb7 21. Bxg7 Rhg8 22. Bd4 Nd5 23. Na5+ Kc7 {[#]} 24. Nxc6 $1 {[%mdl 512]} Kxc6 25. c4 Rad8 26. Rc1 Bh5 27. Be3 f6 28. Bxd5+ Rxd5 29. cxd5+ Kxd5 {[%mdl 4096] Endgame KRB-KRB} 30. Rc5+ Kd6 31. Kf1 Bf7 32. Ra5 Bc4+ 33. Ke1 fxg5 34. Bxg5 Re8+ 35. Kd2 Kc6 36. Be3 {aiming for Rc5+.} Rd8+ 37. Kc3 Bf1 38. Rh5 Bxh3 39. Rxh4 Bf1 40. b3 Be2 41. Rh6+ Kd5 42. Rh7 Kc6 43. Rf7 Rd3+ 44. Kb4 Rd1 45. Rf6+ Kd5 46. Rf8 Ra1 47. Ka3 Rf1 48. Rd8+ Kc6 49. Rc8+ Kd5 $2 {[#]} (49... Kb7 $16 {was called for.} 50. Rc2 Bg4) 50. Rc1 $1 {[%cal Rc1c2]} Rxc1 51. Bxc1 {KB-KB} Kc5 52. Ka4 Kc6 53. Ka5 Kb7 54. f4 Bd3 55. b4 Bf5 56. a4 {[%cal Ba2a4,Ba4b5][%mdl 32]} Bc8 57. b5 axb5 (57... Kb8 $18 58. bxa6 Kc7) 58. axb5 {White mates.} Kc7 59. Ba3 Kb7 60. Bd6 Bf5 61. Be5 Bd3 62. Kb4 Kb6 63. Bd4+ Kc7 64. Kc5 Be4 65. Be3 Bd3 66. b6+ Kd7 67. Kd5 Ba6 68. f5 {[%cal Bf4f5,Bf5f6][%mdl 32]} Ke7 69. Ke5 Kd7 70. f6 Bc4 71. Kf5 Bf7 72. Kg5 {Precision: White = 81%, Black = 44%.} 1-0

[Event "RUS Cup Final Men 2017"]
[Site "Khanty-Mansiysk"]
[Date "2017.12.11"]
[Round "4.1"]
[White "Jakovenko, Dmitry"]
[Black "Kokarev, Dmitry"]
[Result "1/2-1/2"]
[WhiteElo "2730"]
[BlackElo "2615"]
[Annotator "TA"]
[PlyCount "63"]
[EventDate "2017.??.??"]
[EventType "k.o."]
[EventCountry "RUS"]
[SourceTitle "playchess.com"]
[Source "ChessBase"]
[SourceQuality "1"]

{[%evp 26,63,35,34,35,34,26,35,38,41,10,25,14,0,2,4,0,0,0,-1,3,0,0,0,7,-12,-12,-14,-16,-15,-12,-14,-12,-12,-12,-18,0,-12,0,-13]} 1. Nf3 Nf6 2. c4 g6 3. Nc3 Bg7 4. e4 O-O 5. d4 d6 6. Be2 e5 7. O-O exd4 8. Nxd4 Re8 9. f3 Nc6 10. Be3 Nh5 11. f4 Nf6 12. Bf3 Ng4 {E94: Königsindisch (Klassisches System)} 13. Bxg4 Bxg4 14. Qd2 {LiveBook: 3 Partien} Na5 {Weiß steht etwas besser.} 15. Qd3 f5 16. Nxf5 gxf5 17. Qd5+ Kh8 {[#] Und ...c6 würde nun gewinnen.} 18. Qxa5 c5 19. Qxd8 $146 {Die Stellung ist ausgeglichen.} ({Vorgänger:} 19. Qa3 a6 20. Qb3 {½-½ (53) Zakharov,Y (2187)-Demchenko,S ICCF email 2012}) 19... Raxd8 20. Rac1 Bxc3 21. Rxc3 {[#] h3 ist eine echte Drohung.} Rxe4 22. Bd2 Kg8 23. Re1 Rxe1+ 24. Bxe1 $11 {[%mdl 4096] Endspiel KTL-KTL} Kf7 25. Kf2 Re8 {Weiss muss nun ...Te2+ beachten.} 26. Re3 (26. Rb3 {keeps more tension.} Re7 27. a3 b6 28. Re3 Re6 29. a4) 26... Rxe3 27. Kxe3 {KL-KL} Ke6 28. Bh4 Bd1 29. Kd3 Bh5 30. Ke3 Bd1 31. Kd3 Bh5 32. Ke3 {Precision: Weiß = 76%, Schwarz = 72%.} 1/2-1/2

[Event "RUS Cup Final Men 2017"]
[Site "Khanty-Mansiysk"]
[Date "2017.12.12"]
[Round "4.2"]
[White "Kokarev, Dmitry"]
[Black "Jakovenko, Dmitry"]
[Result "0-1"]
[WhiteElo "2615"]
[BlackElo "2730"]
[Annotator "TA"]
[PlyCount "112"]
[EventDate "2017.??.??"]
[EventType "k.o."]
[EventCountry "RUS"]
[SourceTitle "playchess.com"]
[Source "ChessBase"]
[SourceQuality "1"]

{[%evp 20,112,0,0,17,10,12,12,19,17,22,20,44,0,0,0,0,0,0,0,0,0,0,-6,0,0,0,-18,-18,-18,-18,-20,8,-12,-11,-15,0,-29,-14,-29,-33,-33,-33,-33,-33,-41,-27,-35,-31,-31,-35,-57,-57,-57,-23,-23,0,0,0,-26,-26,-18,-6,-24,-15,-94,-94,-94,-94,-94,-25,-112,-112,-112,-94,-94,-94,-94,-94,-94,-94,-94,-94,-94,-94,-94,-94,-2060,-1844,-814,-791,-8862,-8216,-5114,-2293]} 1. e4 e5 2. Nf3 Nc6 3. Bb5 Nf6 4. O-O Nxe4 5. Re1 Nd6 6. Nxe5 Be7 7. Bf1 Nxe5 8. Rxe5 O-O 9. d4 Ne8 {C67: Spanische Partie (Berliner Verteidigung)} 10. Re1 d5 11. Bd3 {LiveBook: 5 Partien} Bd6 {Die Stellung ist ausgeglichen.} (11... c6 12. c3 Bd6 13. Nd2 g6 14. Nf3 Ng7 15. Bh6 Bg4 16. h3 Bxf3 17. Qxf3 {½-½ (30) Leko,P (2679)-Aronian,L (2801) Heraklio 2017}) 12. Nd2 $146 ({Vorgänger:} 12. c3 c6 13. Nd2 Qf6 14. Qc2 h6 15. Nf3 Nc7 16. Ne5 Re8 17. f4 {0-1 (36) To,N (2281)-Fontaine,R (2562) Hungary 2007}) 12... Nf6 13. Nf3 Bg4 14. Bg5 c6 15. c3 Bc7 16. Bh4 Qd6 17. Bg3 Qd7 18. Be5 Rae8 19. Bxf6 gxf6 {[%cal Bg7f6,Bf6f5,Bf5f4][%mdl 32]} 20. Rxe8 Rxe8 21. Bc2 Qe6 22. Qd3 f5 23. g3 Qh6 24. Nh4 f4 $1 25. Ng2 Re6 26. Bd1 Bh3 27. Bf3 Qg6 (27... Kg7 {feels hotter.} 28. Rd1 Bb8 29. Re1 fxg3 30. fxg3 Rxe1+ 31. Nxe1 Qc1) 28. Qxg6+ fxg6 29. Re1 Kf7 {Und ...Lxg2 würde nun gewinnen.} 30. Re2 g5 31. Rxe6 Kxe6 $15 {[%mdl 4096] Endspiel KLL-KLS} 32. Bd1 Bf5 33. g4 Bb1 34. a3 b6 35. f3 c5 36. Ne1 cxd4 37. cxd4 b5 {Droht ...Lb6 und aus.} 38. Bc2 Ba2 39. Bxh7 Bb6 40. Nc2 a5 41. Kf1 Bc4+ 42. Ke1 {[#]} (42. Kg2 $11) 42... b4 $1 $17 {[%cal Rb4b3][%mdl 512]} 43. axb4 axb4 44. Kd2 b3 ({Besser ist} 44... Kd6 $17 45. Bg6 b3) 45. Ne1 (45. Na3 $1 $11 {bleibt in der Remisbreite.} Bf1 46. Nb1) 45... Bxd4 46. Nd3 Bxd3 (46... Bb5 {with more complications.} 47. Bg6 Kd6 48. Bf5 Be3+ 49. Kd1 Bc4) 47. Kxd3 Bxb2 {KL-KL} 48. Bg8+ Kd6 49. Bf7 Kc5 50. Bg8 Bf6 51. Bf7 b2 52. Kc2 Kd4 53. Kxb2 $2 {[%mdl 8192]} (53. Bg8 $17) 53... Ke3+ $19 {Schwarz steht klar auf Gewinn.} 54. Kc2 {[#]} d4 $1 55. h3 Kxf3 56. Kd2 Kg2 {Precision: Weiß = 57%, Schwarz = 58%.} 0-1